Complejo cultural y de expresión artística para el cantón de San Carlos
Zapisane w:
| 1. autor: | |
|---|---|
| Format: | Nieznany |
| Język: | Spanish |
| Wydane: |
[San José,Costa Rica]
2013
|
| Hasła przedmiotowe: | |
| Etykiety: |
Dodaj etykietę
Nie ma etykietki, Dołącz pierwszą etykiete!
|
MARC
| LEADER | 00000 a2200000 4500 | ||
|---|---|---|---|
| 003 | EA0048 | ||
| 005 | 20230215140320.0 | ||
| 008 | 140114s2013 cr a 000 ||spa d | ||
| 040 | |c cru CEDI | ||
| 090 | |a TFG EA-048 | ||
| 100 | |a Barrientos Esquivel, Laura |9 20011 | ||
| 245 | |a Complejo cultural y de expresión artística para el cantón de San Carlos | ||
| 260 | |a [San José,Costa Rica] |c 2013 | ||
| 500 | |a Proyecto de graduación (licenciatura en arquitectura)--Universidad de Costa Rica. Facultad de Ingeniería. Escuela de Arquitectura, | ||
| 650 | |x SAN CARLOS (ALAJUELA, COSTA RICA) |x CENTROS DE DESARROLLO CULTURAL - SAN CARLOS (ALAJUELA, COSTA RICA) - DISEÑOS Y PLANOS |x DISEÑO ARQUITECTONICO |x ARQUITECTURA - DISEÑOS Y PLANOS |x DISENO URBANO - SAN CARLOS (ALAJUELA, COSTA RICA) |9 20012 | ||
| 942 | |c CEDI | ||
| 999 | |c 13065 |d 13065 | ||
